Nalaganje...

Lokotharakathakal- Oscar Wilde /

Bibliografske podrobnosti
Glavni avtor: Wilde, Oscar
Drugi avtorji: Eswaran Namboothiri (Translator)
Format: Printed Book
Jezik:Malayalam
Izdano: Kottayam : DC books, 2011.
Serija:( Lokotharakathakal series )
Teme:
LEADER 00699nam a22001817a 4500
008 160510b xxu||||| |||| 00| 0 mal d
020 |a 9788126428892  |c INR 
082 |a 823.01 
100 |a Wilde, Oscar 
245 |a Lokotharakathakal- Oscar Wilde /  |c Oscar Wilde, translated by Eswaran Namboothiri 
260 |a Kottayam :  |b DC books,  |c 2011. 
300 |a 156 p. ; 
490 |a ( Lokotharakathakal series ) 
650 |v Enghish short stories  |x Malayalam translation 
700 |a  Eswaran Namboothiri  |e Translator 
942 |c BK 
999 |c 285142  |d 285142 
952 |0 0  |1 0  |4 0  |6 823_010000000000000_WIL_L  |7 0  |9 323550  |a FLK  |b FLK  |c ST1  |d 2016-05-10  |e BK  |g 110.00  |i 4791  |l 0  |o 823.01 WIL/L  |p FLK4791  |r 2016-05-10  |w 2016-05-10  |y BK